1662 1963 1874 1331 1863 1498 1500 1627 1698 1171 1202 1690 1287 1307 1248 1533 1350 1021 1941 1249 1962 1944 1372 1215 1437 1534 1161 1633 1793 1126 1819 1951 1154 1393 1324 1900 1389 1749 1414 1832 1349 1492 1590 1959 1064 1424 1744 1053 1347 1995 1088 1959 1738 1239 1670 1002 1437 1530 1620 1410 1574 1568 1209 1216 1067 1229 1105 1633 1896 1995 1943 1585 1492 1406 1604 1796 1651 1496 1985 1417 1923 1207 1835 1871 1712 1295 1862 1033 1997 1465 1256 1778 1624 1767 1986 1660 1831 1937 1707 BCNSPRNW ULIB Ver.6.0+V

เปลี่ยนเป็นภาษาไทย

Change to English
 แสดงรายละเอียดบรรณานุกรม
  กลับหน้าหลัก

Brief Record : Get Marc (ISO 2709) : E-mail record : QR code < ปิดหน้าต่าง
LEADER : 00000nam 2200000uu 4500
001    13399125833
003     ULIB
008    020711s2018 th a 000 0 eng d
020    ู^a9780323402316
060    ^aWA18^bN-H
100    ^aNelson, Romona.
245    ^aHealth Informatics An Interproessional Approach/^cNelson, Romona.
250    ^a2nd ed
260    ^aLouis,Missouri :^bElsevier,^c2018
300    ^a658 pages;^c30 cm
650    ^aHealth-Informatics^xApproach
945    ^p2558^l0^i003210
999    ^aประนอม เกษจรัล
รายการนี้ยังไม่มีแท็ก
คุณยังไม่ได้ล็อกอิน คุณสามารถมีกิจกรรมร่วมกับเว็บไซต์ได้ แต่ต้องล็อกอินก่อน ::
  ล็อกอิน

รายการสื่อสารสนเทศ

ลำดับที่ ประเภท เลขเรียก/บาร์โค้ด สถานที่ สถานะ
1. วิทยาศาสตร์การแพทย์ และสุขภาพ
หนังสือสำรอง
สถานะ=หนังสือสำรอง
WA18 N-H ฉ.1 
  Barcode: 003210
ห้องสมุดวิทยาเขตสวรรค์ประชารักษ์
►หนังสือทั่วไป
บนชั้น

BibComment


ยังไม่เคยถูกคอมเมนท์

คอมเมนท์ทรัพยากรรายการนี้
  คอมเมนท์: Health Informati..


 Copyright 2026. Bcnsprnw @Library